Statistics for Washington Wizards NBA Playoffs Leaders Per Year

Click here to take the quiz!

General Stats

  • This quiz has been taken 298 times
    (219 since last reset)
  • The average score is 14 of 45

Answer Stats

Player% Correct
Bradley Beal
99%
John Wall
99%
Wes Unseld
87%
Gilbert Arenas
83%
Elvin Hayes
79%
Russell Westbrook
72%
Marcin Gortat
71%
Antawn Jamison
55%
Ish Smith
45%
Frank Johnson
44%
Gus Johnson
44%
Kevin Porter
39%
Gus Williams
38%
John Williams
38%
Daniel Gafford
37%
Charles Jones
36%
Jimmy Jones
36%
Caron Butler
33%
Chris Webber
33%
Jeff Malone
30%
Moses Malone
30%
Earl Monroe
29%
Rod Strickland
26%
Markieff Morris
25%
Brendan Haywood
24%
Spencer Haywood
24%
Phil Chenier
23%
Bob Dandridge
22%
Manute Bol
22%
Walt Bellamy
21%
Jeff Ruland
15%
Dave Bing
12%
Michael Adams
10%
Don Ohl
9%
Kevin Grevey
9%
Greg Ballard
7%
Kevin Loughery
7%
Tom Henderson
6%
Antonio Daniels
4%
Archie Clark
4%
Rick Mahorn
3%
Tracy Murray
3%
Bailey Howell
2%
Dan Roundfield
1%
Johnny Egan
1%

Score Distribution

Percentile by Number Answered

Percent of People with Each Score

Your Score History

You have not taken this quiz since the last reset